Sensible European Airport Codes - Statistics

General Stats
  • This quiz has been taken 1,326 times
    665 since last reset
  • The average score is 19 of 20
Answer Stats
Hint Answer % Correct
AMS Amsterdam
100%
ATH Athens
99%
DUB Dublin
99%
LIS Lisbon
99%
LUX Luxembourg
99%
BRU Brussels
98%
NAP Naples
98%
OSL Oslo
98%
VIE Vienna
98%
EDI Edinburgh
97%
HEL Helsinki
97%
MAD Madrid
97%
BUD Budapest
96%
SOF Sofia
96%
ZAG Zagreb
94%
GLA Glasgow
93%
MAN Manchester
93%
FRA Frankfurt
91%
LJU Ljubljana
86%
SOU Southampton
59%
No matching quizzes found
Score Distribution
Percent of People with Each Score
Percentile by Number Answered
Your Score History
You have not taken this quiz since the last reset